000 00325nam a2200097Ia 4500
008 220204s9999 xx 000 0 und d
082 _a339.92(047)
_bWOR
245 0 _aWorld Investment report 2005: Transnational corporational and the internationalization of R & D
260 _aNew Delhi
_bAcademic foundation
_c2006
942 _cBK
999 _c42506
_d42506